Quizzes
Events
Quiz Creation
Community
Videos
Private Events
Remove Ads
Sign In
Join for FREE
Feedback
Dark Mode
Quiz Categories
Sports
Geography
Music
Movies
Television
Just For Fun
Miscellaneous
History
Literature
Language
Science
Gaming
Entertainment
Religion
Holiday
For Kids
Quiz Lab
Recent
Popular Today
Quiz Kudos Today
Editor Picks
Curator Picks
Quizzes by...
Day
Popularity
Type
Ratings
Length
Year
Community
Subscriptions
Recent Discussions
Orange Saloon
Badges
Playlists
Quests
Create
Leaderboards
Showdown
Live 5
Trivia Bingo
Activity
Puzzle Library
Sporcle Events
Private Events
Virtual Trivia
Globe League
Become a Host
Pub Owners
SporcleCon
Opinionation
Our Games
Videos
Blog
Mobile Apps
Partnerships
Remove Ads and Go Orange
Feedback
Television
TV Characters
TV Show
Sitcom
Network
Friends
Reality Shows
Cast
South Park
Star Trek
The Simpsons
Doctor Who
Television
TV Characters
TV Show
Sitcom
Network
Friends
Reality Shows
Cast
South Park
Star Trek
The Simpsons
Doctor Who
Random Quiz
Search Sporcle
×
Quiz Lab
Quiz Lab
Television
Week
Type in answers that appear in a list
Type in answers that appear in a list
Classic
Best Score? Go Orange.
Big Brother 14 USA (Week by Week) Stats
Can you name the Big Brother 14 USA (Week by Week)
By
beckajean
15m
76 Questions
456 Plays
456 Plays
456 Plays
Comments
Comments
Give Quiz Kudos
Give Quiz Kudos
-
- Ratings
hide this ad
Forced Order
Answers have to be entered in order
Answers have to be entered in order
Replay
Link that replays current quiz
Next Quiz
Link to next quiz in quiz playlist
You Got
0%
They Got
Avg Score
82%
Avg Friend Score
Upgrade to see
Score Distribution
Jump to the score distribution portion of the page
Score
0/76
Timer
15:00
0
Plays Today
Hint
Answer
% Correct
Which 2 Males from previous seasons were Coaches?
Dan Mike
99.3%
Which 2 Females from previous seasons were Coaches?
Britney Janelle
98.2%
Which Coach lost the first Coaches Comp?
Dan
98%
Which Coach won the Coaches Comp?
Mike
97.6%
Who did that Coach evict Dan 1?
Jodi
97.1%
Week 1 HOH
Willie
97.1%
Who got expelled due to violence?
Willie
94.9%
Week 1 Eviciton
Kara
94.3%
Which Coach won the Coaches Comp?
Janelle
94.1%
Week 1 POV
Shane
93.6%
Week 1 Nominations (pre veto)
Frank Kara
93.2%
Week 2 HOH
Frank
93.2%
Week 1 Nominations (post veto)
Frank Kara
92.5%
Which Coach won the Coaches Comp?
Janelle
92.5%
Week 2 Eviction
JoJo
92.3%
Week 2 POV
Shane
92.1%
Week 3 HOH
Shane
92.1%
Week 2 Nominations (post veto)
Danielle JoJo
91.7%
Week 2 Nominations (pre veto)
JoJo Shane
91%
Week 3 POV
Shane
88.8%
Week 3 Nominations (post veto)
Frank Joe
85.7%
Week 3 Nominations (pre veto)
Ashley Joe
83.8%
Week 4 HOH
Danielle
83.1%
Week 4 Eviction
Janelle
81.8%
2nd HOH
Danielle
81.1%
2nd Eviction
Shane
81.1%
Week 4 POV
Danielle
80.9%
Week 5 HOH
Frank
80.9%
Week 7 Eviction
Britney
80.9%
1st Eviction
Frank
80.9%
2nd POV
Danielle
80.9%
Week 5 Eviction
Wil
80.7%
Week 7 HOH
Frank
80.7%
Week 7 Diamond Power of Veto
Ian
80.7%
1st Eviction
Jenn
80.7%
2nd Nominations (pre veto)
Dan Ian
80.7%
2nd Nominations (post veto)
Ian Shane
80.7%
Week 10 -
Final HOH Part 1
Dan
80.7%
Hint
Answer
% Correct
1st Eviction
Mike
80.5%
2nd Eviction
Ashley
80.5%
Week 8 DOUBLE EVICTION -
1st HOH
Ian
80.5%
Week 7 POV
Jenn
80.3%
Week 7 Nominations (post veto)
Britney Danielle
80.3%
Week 9 DOUBLE EVICTION-
1st HOH
Ian
80.3%
Week 10 Eviction
Danielle
80.1%
Week 4 Nominations (post veto)
Frank Janelle
80%
Week 6 DOUBLE EVICTION -
1st HOH
Shane
80%
2nd HOH
Ian
80%
2nd POV
Frank
80%
1st Nominations (post veto)
Frank Joe
80%
2nd POV
Ian
80%
2nd Eviction
Joe
80%
1st POV
Shane
80%
Week 10 -
Final HOH Part 2
Ian
79.9%
Week 10 -
FINAL HOH
Ian
79.9%
Season 14 Runner Up
Dan
79.9%
Season 14 WINNER
IAN
79.9%
Americas Favourite Player
Frank
79.9%
2nd Nominations (post veto)
Ashley Joe
79.8%
1st POV
Dan
79.8%
2nd HOH
Dan
79.8%
2nd Nominations (pre veto)
Ashley Frank
79.6%
Week 7 Nominations (pre veto)
Dan Danielle
79.6%
1st POV
Frank
79.4%
2nd Nominations (pre veto)
Ian Joe
79.4%
2nd Nominations (post veto)
Danielle Joe
79.4%
1st Nominations (pre veto)
Jenn Shane
79.4%
1st Nominations (post veto)
Danielle Jenn
79.4%
1st Nominations (pre veto)
Frank Jenn
79.2%
Week 5 POV
Frank
78.9%
1st Nominations (pre veto)
Frank Mike
78.9%
1st Nominations (post veto)
Jenn Mike
78.9%
Week 5 Nominations (post veto)
Joe Wil
78.7%
Week 4 Nominations (pre veto)
Frank Wil
78.5%
Week 5 Nominations (pre veto)
Joe Wil
78.1%
Week 3 Eviction
Nobody
66.2%
Quiz Playlist
Details
Report
Send in Message
Add To Playlist
Classic:
Type in answers that appear in a list
Forced Order:
Answers have to be entered in order
Last Updated: Feb 16, 2017
Quiz Scoreboard
CHALLENGE
Sign Up to Join the Scoreboard
Show All
Scores
Hide
Comments
May contain spoilers
Recently Published
Decade Duel: World Leaders
by jenniferyan
History
4m
Alphabetical 'K' Countries by Flag Minefield
by ylime102
Geography
3m
Pick 6: Fruits
by JohnFran
Miscellaneous
15s
More to Explore
Quiz From the Vault
Featured Blog Post
15 Basketball Trivia Facts You Can Be March Mad About
hide this ad
You Might Also Like...
Tags
Big Brother
Brother
USA
Week
Today's Top Quizzes in Television
Browse Television
hide this ad
Today's Top Quizzes in Week
Browse Week
Top Contributed Quizzes in Television
1
Hidden Simpsons Character
2
First Name TV: Leading Men
3
Hidden Simpsons Character XXIV
4
First Name TV: Leading Women Drama
5
Hidden Simpsons Character II
6
Hidden Simpsons Character III
7
Pick A Pair: Religious TV
8
Hidden Simpsons Character XXV
9
Hidden Simpsons Character XXVI
10
The Vampire Diaries Logic Puzzle
Explore More
Trending Topics
Harry Potter
Anime
NBA
Marvel
Crossword
Disney
Kpop
Country
Pokémon
WWE
Puzzle
Soccer
NFL
The Office
Song
hide this ad
More By:
beckajean
Quiz
Plays
Rating
Category
Featured
Created
Big Brother USA ZINGBOT Zings (clickable)
775
2.00
Television
Dec 11, 2014
Big Brother 17 Week by Week
670
3.00
Television
Aug 13, 2015
Big Brother 16 USA (week by week)
592
Television
Dec 1, 2014
Big Brother 18 US week by week
570
Television
Sep 22, 2016
Big Brother Canada 5 (week by week)
491
Television
Apr 7, 2017
Go to Creator's Profile
Score Distribution
Quiz Creator Spotlight
beckajean
Follow
Send a Message
Quizzes Created
-
Created Quiz Play Count
-
More By This Creator
Popular Quizzes Today
1
Countries of Asia Without Outlines Minefield
2
Find the US States - No Outlines Minefield
3
Pick 6: Fruits
4
Alphabetical 'K' Countries by Flag Minefield
5
The Countries of the World
6
Find the Countries of Europe - No Outlines Minefield
7
Find the US States
8
US States
More Television Quizzes
Anime Characters (1)
Quiz Lab
Trending Quizzes
Pick 6: Mountains
Pick 6: Harry Potter
Pick 6: Flags
Pick 6: NFL Teams
Pick 6: Movie Franchises
Recently Updated
NWSL Teams
pecheneg
Women's Final Four Teams by Year
bhenderson79
Presidents Quartet II
eogle
Anything But Clue(do)
eogle
Anything But Oceanian Capitals
eogle
Anything But 7
eogle
Anything But Thing
eogle
Word Ladder: February 29
pecheneg
Song Title Questions
pecheneg
Women's NCAA Tournament #1 Seeds
pecheneg
Trending Topics
Harry Potter
Crossword
Kpop
NBA
Disney
Marvel
Anime
Puzzle
Country
WWE
The Office
Soccer
NFL
Song
Pokémon
Your Account Isn't Verified!
In order to create a playlist on Sporcle, you need to verify the email address you used during registration. Go to your
Sporcle Settings
to finish the process.
Report this User
Report this user for behavior that violates our
Community Guidelines
.
Details:
Send Report
Go to the Sporcle.com Mobile Site →
Comments